000 01772nam a2200301 a 4500
001 64629
003 BD-RjUL
005 20211209081329.0
008 170216s1969 bg ||||| |||| 00| 0 ben d
020 _c: PRs. 5.50
035 _a(BD-RjUL)64759
040 _aBD-RjUL
_beng
_cBD-RjUL
_dBD-RjUL
041 _aeng
082 _223
_a891.4409
_bSUN V-1 1969
100 1 _aরাজিয়া, সুলতানা
_9191652
245 1 0 _aনজরুল - অন্বেষা /
_cসুলতানা রাজিয়া ; সৈয়দ আলী আহসান লিখিত ভূমিকাসহ
250 _a১ম সং.
260 _aঢাকা :
_bমখদুমী অ্যাণ্ড আহসানউল্লাহ্ লাইব্রেরী,
_c১৯৬৯।
300 _a[১৬], ১৯০, [১] পৃ. ;
_c২২ সেমি.
500 _a"স্বরবর্ণ খণ্ড : [নজরুলের কাব্য, কবিত, গান,প্রবন্ধ, নাটক, ছোটগল্প, উপন্যাস ও চরিত্রের বর্ণানুক্রমিক পরিচিতি ও আলোচনা] "
505 0 _aখন্ড ১ , স্বরবর্ণ --
600 _aইসলাম, কাজী নজরুল
_xরচনাবলী
_xইতিহাস ও সমালোচনা
_9236280
600 _aIslam, Qazi Nazrul
_xCollected works
_xHistory and Criticism
_9236281
650 _aবাংলা সাহিত্য
_xইতিহাস ও সমালোচনা
_9236274
650 _aBengali Literature
_xHistory and Criticism
_9236275
700 _aআহসান, সৈয়দ আলী, ভূমিকাকার
_9236282
942 _2ddc
_cBK
999 _c64629
_d64629